TABUADA DO 12 - Statistics

Estatísticas Gerais
  • Esse quiz foi jogado 111 vezes
  • A pontuação média é 20 de 21
Estatísticas das Respostas
Hint Resposta % Correto
12x0 0
100%
12x1 12
100%
12x2 24
100%
12x3 36
100%
12x4 48
99%
12x5 60
98%
12x7 84
98%
12x9 108
97%
12x10 120
97%
12x6 72
97%
12x8 96
97%
12x11 132
93%
12x12 144
93%
12x13 156
91%
12x14 168
91%
12x15 180
90%
12x16 192
90%
12x17 204
90%
12x18 216
88%
12x19 228
88%
12x20 240
87%
Nenhum quiz correspondente encontrado
Distribuição das Pontuações
Porcentagem de Pessoas com Cada Pontuação
Percentil de Números Respondidos
Sua Pontuação Histórica
Você não jogou esse quiz